House price data supplement : historical house price series. Fourth quarter 1973 - Second quarter 1998) (Record no. 97298)

MARC details
000 -LEADER
fixed length control field 00756cam a2200229 4500
001 - CONTROL NUMBER
control field J93618
008 - FIXED-LENGTH DATA ELEMENTS--GENERAL INFORMATION
fixed length control field 090401t1998 xxu||||| |||| 00| 0 eng d
035 ## - SYSTEM CONTROL NUMBER
System control number (Sirsi) u88199
041 ## - LANGUAGE CODE
Language code of text/sound track or separate title eng
050 ## - LIBRARY OF CONGRESS CALL NUMBER
Classification number 306.1
110 ## - MAIN ENTRY--CORPORATE NAME
Corporate name or jurisdiction name as entry element Nationwide Building Society
9 (RLIN) 1019
245 ## - TITLE STATEMENT
Title House price data supplement : historical house price series. Fourth quarter 1973 - Second quarter 1998)
260 ## - PUBLICATION, DISTRIBUTION, ETC.
Place of publication, distribution, etc. Swindon
Name of publisher, distributor, etc. Nationwide Building Society
Date of publication, distribution, etc. 1998
300 ## - PHYSICAL DESCRIPTION
Extent (47)p. ; 30cm.
350 ## - PRICE (NR) (BK AM CF MU VM SE) [OBSOLETE]
Price 0
520 ## - SUMMARY, ETC.
Summary, etc. Information is available on Nationwide`s web site http://www.nationwide.co.uk
650 ## - SUBJECT ADDED ENTRY--TOPICAL TERM
Topical term or geographic name entry element HOUSE PRICE INDICES
650 ## - SUBJECT ADDED ENTRY--TOPICAL TERM
Topical term or geographic name entry element HOUSE PRICES
690 ## - LOCAL SUBJECT ADDED ENTRY--TOPICAL TERM (OCLC, RLIN)
Topical term or geographic name as entry element PROPERTY-RESIDENTIAL PROPERTY-RESIDENTIAL PROPERTY MARKET
942 ## - ADDED ENTRY ELEMENTS (KOHA)
Suppress in OPAC 0
948 ## - LOCAL PROCESSING INFORMATION (OCLC); SERIES PART DESIGNATOR (RLIN)
c (OCLC) 28/08/1998
Holdings
Withdrawn status Lost status Source of classification or shelving scheme Damaged status Not for loan Home library Current library Shelving location Date acquired Total Checkouts Full call number Barcode Date last seen Copy number Price effective from Koha item type Date last checked out
    Dewey Decimal Classification     London London Property market reports 14/09/1999   PROPERTY MARKET 30056257 12/09/2023 1 06/08/2019 Reference material  
    Dewey Decimal Classification     London London Enquiry desk 14/09/1999   ENQUIRY DESK 30056258 06/08/2019 2 06/08/2019 Reference material  
    Dewey Decimal Classification     London London Enquiry desk 14/09/1999 1 PROPERTY MARKET 30056259 12/09/2023 3 06/08/2019 Book 15/09/1999